LEADER 01132nam0-2200373---450- 001 990009666820403321 005 20130128100623.0 010 $a978-88-04-58352-3 035 $a000966682 035 $aFED01000966682 035 $a(Aleph)000966682FED01 035 $a000966682 100 $a20130116g20099999km-y0itay50------ba 101 2 $aita$cgrc 102 $aIT 105 $ay-------001cy 200 1 $a<>rivelazione segreta di Ermete Trismegisto$fa cura di Paolo Scarpi 210 $a[Milano]$cFondazione Lorenzo Valla$cArnoldo Mondadori$d2009- 215 $av.$d21 cm 225 1 $aScrittori greci e latini 307 $aRileg. con copertina rigida plastif. 610 0 $aErmetismo 610 0 $aErmete Trismegisto 676 $a135.45 676 $a880 700 0$aHermes Trismegistus$f<2.?-4. sec.>$0187565 702 1$aScarpi,$bPaolo 801 0$aIT$bUNINA$gRICA$2UNIMARC 901 $aBK 912 $a990009666820403321 952 $aP2B-600-VAL-HERMES TR.-200A(1)-2009$bDip.Fil.mod. 18948$fFLFBC 959 $aFLFBC 996 $aRivelazione segreta di Ermete Trismegisto$9838928 997 $aUNINA LEADER 01245nam--2200409---450- 001 990000472930203316 005 20090520090809.0 010 $a88-7953-086-0 035 $a0047293 035 $aUSA010047293 035 $a(ALEPH)000047293USA01 035 $a0047293 100 $a20010528d1999----km-y0itay0103----ba 101 0 $aita 102 $aIT 105 $a||||||||001yy 200 1 $aBugie di sangue in Vaticano$fDiscepoli di veritą 210 $aMilano$cKaos$d1999 215 $a209 p.$d21 cm 300 $aIn cop.: Il triplice delitto della Guardia svizzera 410 0$12001 606 $aOmicidio$yCittą del Vaticano$z1999 676 $a364.15230945634 710 02$aDiscepoli di veritą $0545401 801 0$aIT$bsalbc$gISBD 912 $a990000472930203316 951 $a364.1 BUG 1 (IG XI 703)$b28961 G.$cIG XI$d00072922 959 $aBK 969 $aGIU 979 $aCHIARA$b40$c20010528$lUSA01$h1035 979 $aCHIARA$b40$c20010528$lUSA01$h1037 979 $aCHIARA$b40$c20010530$lUSA01$h1017 979 $c20020403$lUSA01$h1655 979 $aPATRY$b90$c20040406$lUSA01$h1633 979 $aRSIAV5$b90$c20090520$lUSA01$h0908 996 $aBugie di sangue in Vaticano$9888880 997 $aUNISA